000 00566nam a22001937a 4500
003 OSt
005 20260420170937.0
008 260420b |||||||| |||| 00| 0 eng d
020 _a8185952884
040 _bEng
_cHDL
082 _a294.5351 P1
100 _aDube, Ishita Banerjee
_91109520
245 _aDivine Afairs /
_bReligion, Pilgrimage, and the Sate in Colonial and Postcolonial India
260 _aShimla
_bIndian Institute of Advanced Study
_c2001
300 _axii,195p.
651 _2Religion
_aIndia
942 _2CC
_cTEXL
_n0
999 _c1848342
_d1848342